000
00328nam a2200133Ia 4500
005
20251223000719.0
008
251222s9999||||xx |||||||||||||| ||spa||
020
_a
9786124099281
082
_a
338.985/C76
245
0
_a
La Investigación Económica y Social en el Perú:
250
_a
1ra. ed.
264
_b
CIES
942
_c
LIB
999
_c
41585
_d
41585